States with Fewest Cows per Person - Statistics

General Stats
  • This quiz has been taken 16 times
  • The average score is 14 of 15
Answer Stats
People per Cow State % Correct
43 Alaska
100%
73 Connecticut
100%
65 Delaware
100%
10 Hawaii
100%
34 Maryland
100%
317 New Jersey
100%
13 New York
100%
246 Rhode Island
100%
17 Maine
93%
204 Massachusetts
87%
42 New Hampshire
87%
13 Florida
80%
12 Illinois
73%
13 North Carolina
73%
15 South Carolina
73%
No matching quizzes found
Score Distribution
Percent of People with Each Score
Percentile by Number Answered
Your Score History
You have not taken this quiz